000
00328nam a2200133Ia 4500
005
20251222141907.0
008
251222s9999||||xx |||||||||||||| ||spa||
020
_a
978-84-7197-974-2
082
_a
371.39/O73
100
_a
Ortega Osuna, José Luis
245
0
_a
Competencias Básicas:
264
_b
Wolters Kluwer
942
_c
LIB
999
_c
8260
_d
8260